Letters, literacy and literature in Byzantium
Αποθηκεύτηκε σε:
| Κύριος συγγραφέας: | |
|---|---|
| Μορφή: | Βιβλίο |
| Γλώσσα: | English |
| Δημοσίευση: |
Aldershot [England] :
Ashgate,
2007
|
| Σειρά: | Collected studies ;
; 889 |
| Θέματα: | |
| Ετικέτες: |
Προσθήκη ετικέτας
Δεν υπάρχουν, Καταχωρήστε ετικέτα πρώτοι!
|
MARC
| LEADER | 00000nam a2200000 i 4500 | ||
|---|---|---|---|
| 001 | 1/101699 | ||
| 008 | 090224s2007 eng d | ||
| 020 | |a 978-0-7546-5937-2 | ||
| 035 | |l 10103369 | ||
| 040 | |a GR-MY-UA |b gre |e aacr | ||
| 041 | 0 | |a eng | |
| 082 | 0 | |a 886.0209 |2 (22) | |
| 100 | 1 | |a Mullett, Margaret. | |
| 245 | 1 | 0 | |a Letters, literacy and literature in Byzantium / |c Margaret Mullet |
| 260 | |a Aldershot [England] : |b Ashgate, |c 2007 | ||
| 300 | |a ποικίλη σελιδαρίθμηση; |c 24 εκ. | ||
| 490 | 1 | |a Variorum collected studies series |v ; 889 | |
| 504 | |a Περιέχει βιβλιογραφικές παραπομπές και ευρετήριο | ||
| 650 | 0 | 0 | |a Byzantine prose literature |x History and criticism. |
| 650 | 0 | 0 | |a Byzantine letters |x History and criticism. |
| 830 | 0 | |a Collected studies ; |v ; 889 | |
| 852 | |a INST |b LESVOS |e 20090303 |h 886.0209 MUL |p 005100043862 |q 005100043862 |t BK |y 0 | ||
| 901 | |a BIBL1-2009-1 | ||
| 909 | |a Λ |b 154184 | ||
| 922 | |a 1ΕΛΗ |b 200809 |c ΕΠΕΑΕΚ2/ΤΚΑ |d ΜΙΧΑΛΟΠΟΥΛΟΣ | ||
| 970 | |a ΓΙΑΛΑΜΑ |b ΜΑΡΙΑ |z 2009/02/24 | ||